| 000 | 01040nam a22002657a 4500 | ||
|---|---|---|---|
| 999 |
_c64052 _d64052 |
||
| 005 | 20240530110712.0 | ||
| 008 | 180211s2015 ua g b 000 0 ara d | ||
| 017 |
_a2015/22099 _bمصر. دار الكتب |
||
| 020 | _a9789773833228 | ||
| 040 |
_aEG-CaGPL _cEG-CaGPL |
||
| 082 | 0 | 4 |
_221 _a214.3023 / _bط ت |
| 100 | 0 | _aطلعت محمد ادم | |
| 245 | 1 | 0 |
_aتربية الحب عند الاطفال / _cاعداد طلعت محمد ادم ؛ مراجعة لغوية عمر محمد ابو شعالة |
| 250 | _aط. 1 | ||
| 260 |
_aالقاهرة : _bايتراك للطباعة و النشر و التوزيع ، _c2015. |
||
| 300 |
_a160 ص. ؛ _c24 سم. |
||
| 504 | _aيشتمل على ارجاعات ببليوجرافية | ||
| 650 | 0 | 7 |
_2qrmak _aالاطفال _xرعاية |
| 650 | 0 | 7 |
_2qrmak _aالاطفال _xتربية |
| 650 | 0 | 7 |
_2qrmak _aتعليم الاطفال |
| 651 | _2qrmak | ||
| 700 | 0 |
_aعمر محمد ابو شعالة _eمراجع |
|
| 942 |
_2ddc _cBK |
||